000 00637nam a22002057a 4500
005 20140409120619.0
010 _aENG-109624
020 _c240.00
_a9789382459033
035 _aEN-93157
037 _bDBAD/PUB
082 _a592
245 _aAnimal diversity :
_cby N.C. Nair...[et al]
_binvertebrata and chordata /
250 _a5th ed
260 _bSaras Publication
_c2013
_aNagercoil
270 _bNagercoil
_e629002
_a114/35G, A. R. P. Camp Road, Periavilai, Kottar P. O.,
300 _aviii,856p. :
_c22cm(pbk)
_bill
500 _aIncludes index
700 _aNair, N.C.
942 _2ddc
_cEN
_mANI
_h592
999 _c83167
_d83167